| 000 | 00410nam a22001697a 4500 | ||
|---|---|---|---|
| 005 | 20200521112832.0 | ||
| 008 | 200521b xxu||||| |||| 00| 0 eng d | ||
| 020 | _a978937473529 | ||
| 041 | _aeng | ||
| 082 | _a612.015 SIN | ||
| 100 |
_aSinghal,Dr. Arun Kumar _95681 |
||
| 245 | _aQuick Revie Biochemistry | ||
| 260 |
_aDElhi _bAITBS PUBLISHERS |
||
| 300 | _a256p. | ||
| 650 |
_aPharmacy _95682 |
||
| 942 | _cBK | ||
| 999 |
_c6372 _d6370 |
||